[Event "Guernsey Holiday op"]
[Site "Guernsey"]
[Date "2009.10.23"]
[Round "6"]
[White "Haddock, Paul"]
[Black "Timmerman, Peter"]
[Result "1-0"]
[WhiteElo "1522"]
[BlackElo "1562"]
[PlyCount "87"]
[EventDate "2009.10.18"]
[EventType "swiss"]
[EventRounds "7"]
[EventCountry "GCI"]
[SourceTitle "EXT 2015"]
[Source "ChessBase"]
[SourceDate "2014.11.20"]
[SourceVersion "1"]
[SourceVersionDate "2014.11.20"]
[SourceQuality "1"]

1. e4 e5 2. Nf3 Nc6 3. Bc4 Bc5 4. c3 Nf6 5. Qe2 d6 6. 0-0 Bg4 7. b4 Bb6 8. a4 a5 9. b5 Ne7 10. d3 Ng6 11. Be3 d5 12. Bxd5 Nxd5 13. exd5 Qxd5 14. Nbd2 0-0 15. Bxb6 cxb6 16. Qe4 Be6 17. Qxd5 Bxd5 18. Rfe1 f6 19. c4 Bxf3 20. Nxf3 Rad8 21. Rad1 Nf4 22. d4 exd4 23. Nxd4 Kf7 24. g3 Nh3+ 25. Kg2 Ng5 26. f4 Ne6 27. Rxe6 Rxd4 28. Rxf6+ gxf6 29. Rxd4 Ke6 30. Kf3 Rc8 31. g4 Rc5 32. h4 h5 33. f5+ Ke7 34. Kf4 hxg4 35. Kxg4 Rc7 36. Kh5 Kf7 37. Kh6 Re7 38. Rd6 Re4 39. h5 Rxc4 40. Rd7+ Ke8 41. Rxb7 Rxa4 42. Kg7 Rh4 43. h6 Rg4+ 44. Kxf6 1-0

[Event "Guernsey Holiday op"]
[Site "Guernsey"]
[Date "2008.10.20"]
[Round "2"]
[White "Timmerman, Peter"]
[Black "Randall, David Charles"]
[Result "0-1"]
[WhiteElo "1598"]
[BlackElo "1576"]
[PlyCount "86"]
[EventDate "2008.10.19"]
[EventType "swiss"]
[EventRounds "7"]
[EventCountry "GCI"]
[SourceTitle "EXT 2011"]
[Source "ChessBase"]
[SourceDate "2010.11.26"]
[SourceVersion "1"]
[SourceVersionDate "2010.11.26"]
[SourceQuality "1"]

1. e4 c5 2. Nf3 Nc6 3. c3 d5 4. e5 e6 5. d4 cxd4 6. cxd4 Nge7 7. Bg5 Qb6 8. Bxe7 Bxe7 9. Qd2 0-0 10. Be2 Bd7 11. 0-0 Rac8 12. Nc3 Na5 13. Rac1 Nc4 14. Bxc4 Rxc4 15. a3 Rfc8 16. Ne2 Bb5 17. Rxc4 Rxc4 18. Rc1 Rxc1+ 19. Nxc1 Qc6 20. Nb3 Qc4 21. Qd1 Ba4 22. Nfd2 Qxd4 23. Nxd4 Bxd1 24. Kf1 Bc5 25. N2b3 Bxb3 26. Nxb3 Bb6 27. Ke2 Kf8 28. f4 Ke7 29. Kd3 Kd7 30. Nd4 Bxd4 31. Kxd4 Kc6 32. g4 Kb5 33. b3 Kc6 34. f5 g6 35. fxg6 fxg6 36. g5 Kb5 37. Kc3 a5 38. Kd4 Kc6 39. Kd3 Kc5 40. Ke3 b5 41. Kd3 d4 42. a4 bxa4 43. bxa4 Kd5 0-1

[Event "Guernsey Holiday op 33rd"]
[Site "Guernsey"]
[Date "2007.10.24"]
[Round "4"]
[White "Hoogakker, Peter"]
[Black "Timmerman, Peter"]
[Result "1-0"]
[WhiteElo "1746"]
[BlackElo "1589"]
[PlyCount "91"]
[EventDate "2007.10.21"]
[EventType "swiss"]
[EventRounds "7"]
[EventCountry "GCI"]
[SourceTitle "EXT 2022"]
[Source "ChessBase"]
[SourceDate "2021.10.06"]
[SourceVersion "1"]
[SourceVersionDate "2021.10.06"]
[SourceQuality "1"]

1. e4 e5 2. Nf3 Nc6 3. Bc4 Bc5 4. c3 d6 5. d3 h6 6. 0-0 Qe7 7. Re1 a6 8. Bb3 Bg4 9. Nbd2 Qf6 10. Nf1 Nge7 11. h3 Bxf3 12. Qxf3 Qxf3 13. gxf3 Ng6 14. Ng3 h5 15. Ba4 Nh4 16. Bd1 Ng6 17. Be3 0-0-0 18. b4 Bxe3 19. fxe3 b5 20. a4 Kb7 21. Bb3 Nge7 22. Bxf7 h4 23. Nf5 Nxf5 24. exf5 Rdf8 25. Bd5 Rxf5 26. c4 Kb6 27. a5+ Nxa5 28. Rxa5 c6 29. Be4 Rg5+ 30. Kh2 Ra8 31. Rg1 Rxg1 32. Kxg1 Rd8 33. Ra2 d5 34. c5+ Kb7 35. Bf5 Rf8 36. Bg4 Rd8 37. d4 exd4 38. exd4 Re8 39. Kf2 g5 40. Ra3 Re7 41. Re3 Rxe3 42. Kxe3 a5 43. bxa5 b4 44. Kd3 Ka6 45. Kc2 Kxa5 46. Kb3 1-0